| 000 | 02829nam0a2200361 4500 | ||
|---|---|---|---|
| 001 | RU\NLR\BIBL_A\012031012 | ||
| 005 | 20190705165721.0 | ||
| 010 |
_a978-5-6042302-9-9 _9500 |
||
| 021 |
_aRU _bКН-П-19-034689 _9КН-П-19-2564 |
||
| 035 | _a(NLR Aleph) 012031012 | ||
| 035 | _a(RuMoRGB)009976125 | ||
| 090 |
_a11551904 _c11551904 |
||
| 100 | _a20190605d2019 k y0rusy50 ca | ||
| 101 | 0 | _arus | |
| 102 | _aRU | ||
| 105 | _aa|||zzzz100zy | ||
| 200 | 1 |
_aНаучные исследования и современное образование _eсборник материалов VI Международной научно-практической конференции _fФедеральное государственное бюджетное образовательное учреждение высшего образования "Чувашский государственный университет имени И. Н. Ульянова", Актюбинский региональный государственный университет имени К. Жубанова, Кыргызский экономический университет имени М. Рыскулбекова, [Интерактив плюс Центр научного сотрудничества _gредкол.:... Яковлева Т. В. (отв. ред.) и др.] |
|
| 210 |
_aЧебоксары _cИнтерактив плюс _d2019 |
||
| 215 |
_a169 с. _cил., табл. _d21 |
||
| 320 | _aБиблиогр. в конце ст. | ||
| 606 | 1 |
_aНаучные конференции _yЧебоксары, город (Чувашия) _jСборники _2nlr_sh2 _3RU\NLR\AUTH\6601595881 |
|
| 686 | 1 | _aЯ431(2Р-6Чу-4Че) | |
| 702 | 1 |
_aЯковлева _bТ. В. _cспециалист в обл. образования _gТатьяна Валериановна _3RU\NLR\AUTH\770132371 _4340 |
|
| 711 | 1 | 2 |
_a"Научные исследования и современное образование", международная научно-практическая конференция _d6 _f2019 _eЧебоксары _3RU\NLR\AUTH\880503638 |
| 712 | 0 | 2 |
_aЧувашский государственный университет им. И. Н. Ульянова _cЧебоксары _3RU\NLR\AUTH\8814249 _4570 |
| 712 | 0 | 2 |
_aАктюбинский региональный государственный университет им. К. Жубанова _3RU\NLR\AUTH\880486045 _4570 |
| 712 | 0 | 2 |
_aКыргызский экономический университет им. М. Рыскулбекова _cБишкек _3RU\NLR\AUTH\880437226 _4570 |
| 942 | _cBOOK | ||
| 980 | _aNBR | ||
| 980 | _aNB | ||